004230000a2200145000450024501040000065000260010465000130013065000110014365300170015404100130017170000190018470000210020310000180022477300350024210aBiparental inheritance of RAPD markers in males of the pseudo-arrehenotokous mite Typhlodromus pyri14aAnálisis genético14aInsectos14aAcaros fPhytoseiidae0 aInglés1 aMinnot, Perrot1 aNavajas, María1 aJeanne, Marie1 tGenome3680h38q838-844d1995